00710nam a2200241 a 4500001001300000003000900013005001700022008004100039020002300080082001500103100002700118245004000145260002500185300001000210500003500220505001700255650002100272700002700293902000800320942000700328952011600335999001700451nice12345678IN_TiNIC20260116014155.0130220s2007 dela grp 000 0 eng  a9788172149826c30000a220.5bSAV aSavarimuthu, Stanislas aCommunity in Search of Its Identity aDelhi bISPCK c2007 a310p  aincludes index and biblioraphy2 aBibliography aBiblical Studies1 aSavarimuthu, Stanislas bSRS cBK 001040708StackRoom-aHMIbHMId2013-02-20g300.00l0o220.5 SAVp023880r2013-02-20v300.00w2013-02-20yBK c14178d14178